000 00429nam a2200181Ia 4500
001 14533
005 20260306164921.0
008 260306t1998||||xx |||||||||||||| ||spa||
041 _aESP
082 _a515.15
_bP63
100 _aPita Ruiz, Claudio
_eAUT
245 0 _aCálculo:
_bde una variable
260 _c1998
300 _axvii, 891 páginas :
_c27 cm.
650 _aGEN
654 _aCMA
942 _cLIB
_dJUS
_fJUS
_2ddc
_n
999 _c14533
_d14533